000 00705nam a2200193Ia 4500
001 1653
003 GE_BSU
008 181216s||||||||xx |||||||||||||| ||und||
040 _cGE_BSU
080 _a004(075.8)
100 _aჭანტურია, ნოდარ; ჯანაძე, ლია;
245 _aინფორმაცილი სისტემების თეორია და პროექტირება
260 _aქუთაიოსი
260 _c2010
300 _a176 გვ. 19 სმ.
541 _h8 ლ.
653 _aინფორმაციული სისტემების თეორია და პრაქტიკა
942 _cBK
999 _c35771
_d35771